Score 0/12 Timer 02:00
0 Plays Today
% Correct
Spongebob
Squarepants
96.9%
Orange is
the New Black
93.8%
The Addams Family
93.7%
Game of Thrones
93.6%
Friends
93.5%
Star Trek:
The Next Generation
92.5%
Sailor Moon
84%
Stranger Things
79.6%
Adventure Time
78.6%
Invader Zim
77.8%
Big Mouth
74.4%
The Powerpuff Girls
71.2%
Remove Ads.
Support Sporcle.
Get the best of Sporcle when you Go Orange. This ad-free experience offers more features, more stats, and more fun while also helping to support Sporcle. Thank you for becoming a member.

You're not logged in!

Compare scores with friends on all Sporcle quizzes.
OR
Log In

Show Comments

Extras

Top Quizzes Today


Score Distribution

Your Account Isn't Verified!

In order to create a playlist on Sporcle, you need to verify the email address you used during registration. Go to your Sporcle Settings to finish the process.

Report this User

Report this user for behavior that violates our Community Guidelines.

Details: